L'Internationale; (Record no. 22647)
[ view plain ]
| 000 -LEADER | |
|---|---|
| fixed length control field | 00867cam a22002171 4500 |
| 001 - CONTROL NUMBER | |
| control field | f 01001837 |
| 003 - CONTROL NUMBER IDENTIFIER | |
| control field | DLC |
| 005 - DATE AND TIME OF LATEST TRANSACTION | |
| control field | 20260227111241.0 |
| 008 - FIXED-LENGTH DATA ELEMENTS--GENERAL INFORMATION | |
| fixed length control field | 760521s1871 fr 000 0 fre |
| 010 ## - LIBRARY OF CONGRESS CONTROL NUMBER | |
| LC control number | f 01001837 |
| 035 ## - SYSTEM CONTROL NUMBER | |
| System control number | (OCoLC)2186442 |
| 040 ## - CATALOGING SOURCE | |
| Original cataloging agency | DLC |
| Transcribing agency | PPT |
| Modifying agency | DLC |
| 042 ## - AUTHENTICATION CODE | |
| Authentication code | premarc |
| 050 00 - LIBRARY OF CONGRESS CALL NUMBER | |
| Classification number | HX11.I5 |
| Item number | T3 |
| 100 1# - MAIN ENTRY--PERSONAL NAME | |
| Personal name | Testut, Oscar, |
| Dates associated with a name | 1840- |
| 245 12 - TITLE STATEMENT | |
| Title | L'Internationale; |
| Remainder of title | son origine, son but; son caractère, ses principes, ses tendances, son organisation, ses moyens d'action, ses ressources, son rôle dans les grèves, ses statuts, ses congrès, son développement, tableau de la situation actuelle de l'Internationale en France, en Europe et en Amérique. |
| 250 ## - EDITION STATEMENT | |
| Edition statement | 3. éd. rev. et augm. |
| 260 ## - PUBLICATION, DISTRIBUTION, ETC. | |
| Place of publication, distribution, etc. | Paris, |
| Name of publisher, distributor, etc. | E. Lachaud; [etc., etc.] |
| Date of publication, distribution, etc. | 1871. |
| 300 ## - PHYSICAL DESCRIPTION | |
| Extent | xv, 288 p. |
| Dimensions | 19 cm. |
| 610 20 - SUBJECT ADDED ENTRY--CORPORATE NAME | |
| Corporate name or jurisdiction name as entry element | International Workingmen's Association. |
No items available.